| 000 | 00598nam a2200181 i 4500 | ||
|---|---|---|---|
| 001 | 41981 | ||
| 003 | ES-MaACL | ||
| 005 | 20231222182428.0 | ||
| 007 | t| | ||
| 008 | 030312s1950 sp |||| |dspa d | ||
| 100 | 1 |
_aCasas Fernández, Manuel. _936220 |
|
| 245 | 1 | 0 |
_aConcepción Arenal y su apostolado _b: ideal de una justicia humanitaria... / _cManuel Casas Fernández. |
| 260 |
_aMadrid : _bVictoriano Suárez, _c1950 ( _eLa Coruña : _fImp. Moret) |
||
| 300 |
_a251 p. ; _c20 cm. |
||
| 600 | 1 | 4 |
_aArenal, Concepción, _d1820-1893 _922591 |
| 852 |
_aES-MaACL _jD-5472 |
||
| 999 |
_c41981 _d41981 |
||